000 004170000a22001690004500
003 MACL
005 20151229170814.0
008 151229b xxu||||| |||| 00| 0 eng d
040 _aMACL
_cMACL
041 _aEnglish
082 _a193.3/KNI
100 _aAdamson, Robert
_924362
245 _aFichte
260 _bWilliam Blackwood & Sons
_c1908
_aLondon
650 _aPhilosophy
_924363
942 _cBK
_k193.3/ADA
_2ddc
999 _c38341
_d38341